000 00981nam a22003017a 4500
003 CHAP
005 20220329134956.0
008 971013s1970 us a r 00010 eng d
010 _a28945
011 _a29917
035 _a34028
040 _cCHAP
082 0 4 _a574.192
_bL4
100 0 0 _aLehninger, Albert L.
_965883
245 1 _aBiochemistry
_b: the molecular basis of cell structure and function
260 _aNew York :
_bWorth,
_c1970
300 _a833 p.
_b: ilus.
590 _aBATCH-UPD
_b10
_c20130110
_lUCH01
_h0312
590 _aBATCH-UPD
_b10
_c20130110
_lUCH01
_h2045
590 _aBATCH-UPD
_b10
_c20130409
_lUCH01
_h2345
590 _aBATCH-UPD
_b10
_c20130914
_lUCH01
_h0643
590 _aCONVERSION
_b10
_c20130109
_lUCH01
_h1317
650 1 4 _aBioquĂ­mica.
_912849
901 _aBK
942 _cLIBRO
949 _a574.192 L4
_bBC
_cLIBRO
_d-78879
_eLIBRO
_h18304
_i34028
_si
_t187.50
949 _a574.192 L4
_bBC
_cLIBRO
_d33724000900809
_eLIBRO
_fc.2
_h18305
_i34028
_si
_t187.50
999 _c28945
_d28945